[Event "TUR Cup"]
[Site "Denizli"]
[Date "2024.08.04"]
[Round "8"]
[White "Tufan, Kerem"]
[Black "Saygin, Nurettin"]
[Result "0-1"]
[WhiteElo "1783"]
[BlackElo "1937"]
[PlyCount "136"]
[EventDate "2024.07.30"]
[EventType "swiss"]
[EventRounds "11"]
[EventCountry "TUR"]
[SourceTitle "EXT 2025"]
[Source "ChessBase"]
[SourceDate "2024.10.14"]
[SourceVersion "1"]
[SourceVersionDate "2024.10.14"]
[SourceQuality "1"]

1. e4 c5 2. Nf3 d6 3. Bb5+ Bd7 4. Bxd7+ Nxd7 5. 0-0 Ngf6 6. Re1 e6 7. d4 cxd4 8. Qxd4 Be7 9. c4 0-0 10. Nc3 a6 11. b3 Rc8 12. Bb2 Qa5 13. Rad1 Rfd8 14. h3 h6 15. Kh1 Nf8 16. Qd2 Qc7 17. Nd4 Ng6 18. f4 d5 19. e5 Nh5 20. cxd5 exd5 21. Nce2 Bh4 22. Rf1 Ng3+ 23. Nxg3 Bxg3 24. Nf5 Bxf4 25. Rxf4 Nxf4 26. Qxf4 Qc2 27. Rc1 Qe4 28. Qxe4 Rxc1+ 29. Bxc1 dxe4 30. Nd6 f6 31. Bb2 fxe5 32. Bxe5 e3 33. Kg1 Rf8 34. Nxb7 e2 35. Bg3 Rf1+ 36. Kh2 e1Q 37. Bxe1 Rxe1 38. Nc5 a5 39. a3 Re5 40. b4 axb4 41. axb4 Re3 42. Kg1 Kf7 43. Kf2 Ra3 44. Ke2 Ke7 45. Nd3 Ra2+ 46. Kf3 Rd2 47. Nf4 g5 48. Ne2 Rb2 49. Nd4 Kf6 50. Nc6 Ke6 51. Nd4+ Kd5 52. Nf5 h5 53. Ng7 Rb3+ 54. Kf2 h4 55. Nf5 Ke4 56. Nd6+ Kf4 57. b5 Rb2+ 58. Kf1 Kg3 59. Ne4+ Kf4 60. Nd6 Rd2 61. Nc8 Kg3 62. b6 Rb2 63. Nd6 Rxb6 64. Ne4+ Kf4 65. Nf2 Ra6 66. Nd3+ Ke3 67. Ne1 Ra1 68. g3 hxg3 0-1